Estatuto de Fuerzas Armadas (Record no. 58478)

MARC details
000 -LEADER
campo de control de longitud fija 00767nam a2200217 i 4500
001 - NÚMERO DE CONTROL
campo de control 58478
003 - IDENTIFICADOR DE NÚMERO DE CONTROL
campo de control ES-MaACL
005 - FECHA Y HORA DE LA ÚLTIMA TRANSACCIÓN
campo de control 20250731012031.0
007 - CAMPO FIJO DE DESCRIPCIÓN FÍSICA--INFORMACIÓN GENERAL
campo de control de longitud fija t|
008 - DATOS DE LONGITUD FIJA--INFORMACIÓN GENERAL
campo de control de longitud fija 031022s1982 sp ||||1| spa d
100 1# - ENTRADA PRINCIPAL--NOMBRE DE PERSONA
Nombre de persona Duret, José.
9 (RLIN) 46291
245 10 - MENCIÓN DEL TÍTULO
Título Estatuto de Fuerzas Armadas
Resto del título : OTAN y España /
Mención de responsabilidad, etc. José Duret, José Manuel Allendesalazar ; prólogo de Carlos Robles Piquer.
260 ## - PUBLICACIÓN, DISTRIBUCIÓN, ETC.
Lugar de publicación, distribución, etc. Madrid :
Nombre del editor, distribuidor, etc. Tecnos,
Fecha de publicación, distribución, etc. [1982]
300 ## - DESCRIPCIÓN FÍSICA
Extensión 276 p. ;
Dimensiones 22 cm.
490 1# - MENCIÓN DE SERIE
Mención de serie Biblioteca Tecnos de estudios jurídicos
700 1# - ENTRADA AGREGADA--NOMBRE PERSONAL
Nombre de persona Allendesalazar, José Manuel
9 (RLIN) 20020
700 1# - ENTRADA AGREGADA--NOMBRE PERSONAL
Nombre de persona Robles Piquer, Carlos,
Fechas asociadas al nombre 1925-2018
9 (RLIN) 97951
830 0# - PUNTO DE ACCESO ADICIONAL DE SERIE-TÍTULO UNIFORME
Título uniforme Biblioteca Tecnos de estudios jurídicos
9 (RLIN) 181636
852 ## - LOCALIZACIÓN
Ubicación ES-MaACL
Número de control de estantería L-11764
Sublocalización o colección R.114058
Holdings
Estatus retirado Estado de pérdida Estado de daño No para préstamo Biblioteca de origen Biblioteca actual Ubicación en estantería Fecha de adquisición Fuente de adquisición Total de préstamos Signatura topográfica completa Código de barras Visto por última vez Precio de reemplazo Tipo de ítem Koha
        Biblioteca del Ateneo de Madrid Biblioteca del Ateneo de Madrid Depósito 2 17/01/2008     L-11764 1061359 23/02/2023 23/02/2023 Libro impreso